000 00852cam a2200157 i 4500
005 20251123112516.0
008 250721s2018 ua gr 000 0 ara d
082 1 4 _a211.34
_bف ر ج
100 1 _aفرج، أبو يوسف علي بن عبد المنعم صالح
_eمعد.
245 1 0 _aنور العصر في جمع القراءات من طيبة النشر :
_bطريقة مختصرة في جمع الفراءات العشر من طريق طيبة النشر على تحريرات الزيات /
_cأعده أبو يوسف علي بن عبد المنعم صالح فرج ؛ مراجعة فضيلة الشيخ علي محمد توفيق النحاس [وستة آخرون].
264 3 1 _aالقاهرة :
_bدار عمار،
_c2018.
300 _a708 صفحة.
650 1 7 _aقراءة القران.
942 _2ddc
_cBK
999 _c138023
_d138023